Giáo trình tin học MCSE SQL Server 6.5 Quản trị và điều hành
Đề cập đến cài đặt và nâng cấp hệ phục vụ; Tích hợp SQL server với các công nghệ và các ứng dụng khác; Điều hành CSDL toàn xí nghiệp; Quản trị kho lưu trữ CSDL; Quản trị tài khoản ; Quản trị các quyền. Giới thiệu về xử lý cảnh báo hệ phục vụ và lên lịch công việc; Quản trị dữ liệu, sao lặp, khả năng...
Đã lưu trong:
| Tác giả chính: | |
|---|---|
| Định dạng: | Sách |
| Năm xuất bản: |
H.
Giáo dục
1998
|
| Chủ đề: | |
| Tags: |
Thêm thẻ
Không có thẻ, Hãy là người đầu tiên gắn thẻ bản ghi này!
|
| LEADER | 01129nam a2200169 4500 | ||
|---|---|---|---|
| 999 | |c 10937 |d 10937 | ||
| 082 | |a 005.74 |b NG527T | ||
| 100 | |a Nguyễn Tiến | ||
| 245 | |a Giáo trình tin học MCSE SQL Server 6.5 |b Quản trị và điều hành |c Nguyễn Tiến, Đặng Xuân Hướng, Nguyễn Văn Hoài | ||
| 260 | |a H. |b Giáo dục |c 1998 | ||
| 300 | |a 711tr. |c 21cm. | ||
| 520 | |a Đề cập đến cài đặt và nâng cấp hệ phục vụ; Tích hợp SQL server với các công nghệ và các ứng dụng khác; Điều hành CSDL toàn xí nghiệp; Quản trị kho lưu trữ CSDL; Quản trị tài khoản ; Quản trị các quyền. Giới thiệu về xử lý cảnh báo hệ phục vụ và lên lịch công việc; Quản trị dữ liệu, sao lặp, khả năng giao kết và hỗ trợ mạng, tinh chỉnh và giám sát, chỉnh sự cố. | ||
| 653 | |a Tin học | ||
| 653 | |a Cơ sở dữ liệu | ||
| 653 | |a Phần mềm SQL server | ||
| 942 | |2 ddc |c SH | ||
| 952 | |0 0 |1 0 |2 ddc |4 0 |6 005_740000000000000_NG527T |7 0 |8 000 |9 93952 |a qbu |b qbu |c D2 |d 2015-09-15 |g 100000 |o 005.74 NG527T |p 10679.c1 |r 0000-00-00 |w 2015-09-15 |y SH | ||